El legado de la Edad Media
Guardat en:
| Autors principals: | , |
|---|---|
| Format: | Llibre |
| Idioma: | espanyol |
| Publicat: |
Madrid
Pegaso
1944
|
| Matèries: | |
| Etiquetes: |
Afegir etiqueta
Sense etiquetes, Sigues el primer a etiquetar aquest registre!
|
MARC
| LEADER | 00000nam a2200000 a 4500 | ||
|---|---|---|---|
| 001 | UCP9902 | ||
| 003 | CL-VaPUC | ||
| 008 | 000407e19440000SP |||||||||||||||||spa|d | ||
| 082 | 0 | 4 | |a 940.1 |b CRU |2 21 |
| 100 | 0 | |a Crump, C. G |e author |9 440838 | |
| 700 | 0 | |a Jacob, E. F |e author |9 440839 | |
| 245 | 1 | 3 | |a El legado de la Edad Media |
| 300 | |a 744 p | ||
| 942 | |c BK | ||
| 945 | |d 20000407 00:00:00 |a rherrera | ||
| 260 | |a Madrid |b Pegaso |c 1944 | ||
| 650 | 0 | |a Historia de Europa |9 392003 | |
| 650 | 0 | |a Arte medieval |9 267894 | |
| 650 | 0 | |a Literatura medieval |9 266338 | |
| 650 | 0 | |a Filosofía medieval |9 256245 | |
| 650 | 0 | |a Derecho medieval |9 314261 | |
| 650 | 7 | |a FILOSOFIA POLITICA |2 CL-VaPUC |9 440840 | |
| 651 | 0 | |a Europa |9 255156 | |
| 583 | |a last modification |c 20160913 03:58:01 |k Rodrigo Vera | ||
| 999 | |c 286682 |d 286680 | ||
| 952 | |0 0 |1 0 |4 0 |6 940_100000000000000_CRU_1944 |7 0 |8 X |9 332743 |a BIBHIS |b BIBHIS |d 2019-11-20 |i 1262610 |o 940.1 CRU 1944 |p 1262610 |r 2024-01-30 |w 2019-11-20 |y BK_X |k HIS | ||